[Event "Budapest Spring op"]
[Site "Budapest"]
[Date "2024.05.23"]
[Round "1"]
[White "Nasuta, Grzegorz"]
[Black "Yilmaz, Baver"]
[Result "1-0"]
[WhiteElo "2547"]
[BlackElo "2269"]
[PlyCount "71"]
[EventDate "2024.05.20"]
[EventType "swiss"]
[EventRounds "9"]
[EventCountry "HUN"]
[SourceTitle "CB24_2024"]
[SourceDate "2024.06.12"]
[SourceVersion "1"]
[SourceVersionDate "2024.06.12"]
[SourceQuality "1"]

1. e4 c5 2. Nf3 d6 3. d4 cxd4 4. Nxd4 Nf6 5. Nc3 a6 6. f3 e5 7. Nb3 Be6 8. Be3 Be7 9. Qd2 Nbd7 10. g4 Rc8 11. g5 Nh5 12. 0-0-0 0-0 13. Kb1 b5 14. Nd5 Bxd5 15. exd5 Nb6 16. Na5 Qc7 17. Bh3 Rce8 18. Bg4 Nf4 19. Bxf4 exf4 20. Qxf4 Nxd5 21. Rxd5 Qxa5 22. Rhd1 Bd8 23. Bf5 g6 24. Be4 Be7 25. h4 f5 26. Bd3 Rf7 27. c3 Bf8 28. Bc2 Rc7 29. h5 Qb6 30. Bb3 Kh8 31. hxg6 Qf2 32. R5d2 Re2 33. Qxf5 Bg7 34. Qh3 Be5 35. Qe6 d5 36. Bxd5 1-0

[Event "Sardinia World op-A"]
[Site "Orosei"]
[Date "2024.04.27"]
[Round "1"]
[White "Fedoseev, Vladimir1"]
[Black "Yilmaz, Baver"]
[Result "1-0"]
[WhiteElo "2690"]
[BlackElo "2277"]
[PlyCount "83"]
[EventDate "2024.04.27"]
[EventType "swiss"]
[EventRounds "9"]
[EventCountry "ITA"]
[SourceTitle "CB19_2024"]
[SourceDate "2024.05.08"]
[SourceVersion "1"]
[SourceVersionDate "2024.05.08"]
[SourceQuality "1"]

1. d4 d5 2. c4 c6 3. Nf3 Nf6 4. e3 e6 5. b3 Nbd7 6. Bd3 b6 7. 0-0 Bb7 8. Qe2 Rc8 9. Rd1 Bd6 10. Nc3 0-0 11. Bb2 Re8 12. a4 a5 13. Rac1 Bb8 14. Ba3 g6 15. cxd5 exd5 16. Ba6 Bxa6 17. Qxa6 Ne4 18. Nxe4 Rxe4 19. Rc3 Re6 20. Rdc1 Bd6 21. Bxd6 Rxd6 22. h3 Kg7 23. Qe2 Re6 24. Ne1 Qe7 25. Nd3 Qd6 26. Qb2 Nf6 27. R3c2 Kg8 28. b4 axb4 29. Qxb4 Nd7 30. a5 bxa5 31. Qxa5 Qf8 32. Nb4 Ra8 33. Qc7 Qxb4 34. Qxd7 Ra3 35. Rxc6 Qd2 36. Qc8+ Kg7 37. Rxe6 Ra2 38. Rf6 Kxf6 39. Qh8+ Kg5 40. Qe5+ Kh6 41. Qf4+ Kg7 42. Rc7 1-0

[Event "Belgrade Serbia op"]
[Site "Belgrade"]
[Date "2023.07.22"]
[Round "7"]
[White "Ivanov, Mikhail M"]
[Black "Yilmaz, Baver"]
[Result "1-0"]
[WhiteElo "2275"]
[BlackElo "2023"]
[PlyCount "109"]
[EventDate "2023.07.16"]
[EventType "swiss"]
[EventRounds "9"]
[EventCountry "SRB"]
[SourceTitle "CBM 215 Extra"]
[Source "ChessBase"]
[SourceDate "2023.09.30"]
[SourceVersion "1"]
[SourceVersionDate "2023.09.30"]
[SourceQuality "1"]

1. Nf3 Nf6 2. c4 g6 3. Nc3 d5 4. cxd5 Nxd5 5. e4 Nxc3 6. dxc3 Qxd1+ 7. Kxd1 Bg7 8. Bf4 c6 9. Kc2 Nd7 10. a4 Nc5 11. Nd2 0-0 12. Be3 Nd7 13. a5 Kh8 14. h4 f5 15. f3 Nf6 16. e5 Nh5 17. f4 Be6 18. Rg1 Ng3 19. Bc4 Bd5 20. a6 b6 21. Bxd5 cxd5 22. Nf3 Kg8 23. Nd4 Kf7 24. e6+ Kg8 25. Nc6 Bf6 26. Rad1 Rfc8 27. Nb4 Ne4 28. Nxd5 Rc6 29. Bd4 Kg7 30. Bxf6+ exf6 31. Rd4 Re8 32. e7 Kf7 33. g4 Nc5 34. g5 Ne6 35. Rd2 fxg5 36. hxg5 h6 37. gxh6 Rh8 38. Rh1 Rcc8 39. b4 b5 40. Kb3 Rc6 41. Re2 Rxa6 42. Rhe1 Rd6 43. Rxe6 Rxe6 44. Rxe6 Kxe6 45. e8Q+ Rxe8 46. Nc7+ Kf7 47. Nxe8 Kg8 48. Nc7 Kh7 49. Nxb5 Kxh6 50. Nxa7 g5 51. fxg5+ Kxg5 52. Nc6 f4 53. Nd4 Kg4 54. b5 f3 55. Nxf3 1-0

[Event "Belgrade Serbia op"]
[Site "Belgrade"]
[Date "2023.07.17"]
[Round "2"]
[White "Barkasheva, Sofia"]
[Black "Yilmaz, Baver"]
[Result "0-1"]
[WhiteElo "1636"]
[BlackElo "2023"]
[PlyCount "46"]
[EventDate "2023.07.16"]
[EventType "swiss"]
[EventRounds "9"]
[EventCountry "SRB"]
[SourceTitle "CBM 215 Extra"]
[Source "ChessBase"]
[SourceDate "2023.09.30"]
[SourceVersion "1"]
[SourceVersionDate "2023.09.30"]
[SourceQuality "1"]

1. e4 c5 2. Nf3 e6 3. d4 cxd4 4. Nxd4 Nf6 5. Nc3 Nc6 6. Ndb5 Bb4 7. a3 Bxc3+ 8. Nxc3 d5 9. exd5 exd5 10. Bd3 0-0 11. 0-0 d4 12. Ne2 Bg4 13. Bg5 Bxe2 14. Qxe2 Qd6 15. Bxf6 Qxf6 16. Rfe1 g6 17. Be4 Rfe8 18. Rad1 Re7 19. Qf3 Qd6 20. Qg3 Qd7 21. Bf3 Rae8 22. Rxe7 Qxe7 23. Bxc6 Qe1+ 0-1

[Event "Belgrade Serbia op"]
[Site "Belgrade"]
[Date "2023.07.16"]
[Round "1"]
[White "Yilmaz, Baver"]
[Black "Pogodin, Nikolay"]
[Result "1/2-1/2"]
[WhiteElo "2023"]
[BlackElo "1574"]
[PlyCount "120"]
[EventDate "2023.07.16"]
[EventType "swiss"]
[EventRounds "9"]
[EventCountry "SRB"]
[SourceTitle "EXT 2024"]
[Source "ChessBase"]
[SourceDate "2023.10.10"]
[SourceVersion "1"]
[SourceVersionDate "2023.10.10"]
[SourceQuality "1"]

1. e4 c6 2. d4 d5 3. Nc3 dxe4 4. Nxe4 Bf5 5. Ng3 Bg6 6. h4 h6 7. Nf3 Nf6 8. h5 Bh7 9. Bd3 Bxd3 10. Qxd3 e6 11. Bd2 Bd6 12. Ne4 Nxe4 13. Qxe4 Nd7 14. 0-0-0 Qc7 15. g3 0-0-0 16. c4 c5 17. Bc3 Nf6 18. Qe2 cxd4 19. Nxd4 a6 20. Nb3 Qe7 21. c5 Bc7 22. c6 b5 23. Kb1 Rxd1+ 24. Rxd1 Rd8 25. Rxd8+ Qxd8 26. a4 Qd5 27. Nd4 Bb6 28. Nc2 Qxc6 29. Nb4 Qc4 30. Qe5 Qe4+ 31. Qxe4 Nxe4 32. Bxg7 Bxf2 33. g4 Be3 34. a5 Kb7 35. Nd3 f5 36. gxf5 exf5 37. Be5 Nc5 38. Nb4 Nb3 39. Nd5 Bg5 40. Bc3 Bd2 41. Bxd2 Nxd2+ 42. Kc2 Nf1 43. Ne7 Ng3 44. Kd3 f4 45. Ng8 Nxh5 46. Nxh6 Kc6 47. Kd4 Ng3 48. Nf7 Ne2+ 49. Kd3 Ng3 50. Kd4 Nf5+ 51. Kd3 b4 52. Ne5+ Kb5 53. Ke4 Nd6+ 54. Kxf4 Nc4 55. Nd3 Kxa5 56. Ke4 Kb5 57. Kd4 a5 58. b3 Nd6 59. Nb2 Nb7 60. Nd3 Nd8 1/2-1/2

[Event "Veliko Gradiste Silver Lake op-A"]
[Site "Veliko Gradiste"]
[Date "2023.06.20"]
[Round "4"]
[White "Yilmaz, Baver"]
[Black "Tadic, Ana"]
[Result "1-0"]
[WhiteElo "1904"]
[BlackElo "1853"]
[PlyCount "43"]
[EventDate "2023.06.18"]
[EventType "swiss"]
[EventRounds "9"]
[EventCountry "SRB"]
[SourceTitle "CBM 215 Extra"]
[Source "ChessBase"]
[SourceDate "2023.09.30"]
[SourceVersion "1"]
[SourceVersionDate "2023.09.30"]
[SourceQuality "1"]

1. e4 c5 2. Nf3 Nc6 3. d4 cxd4 4. Nxd4 e5 5. Nb5 d6 6. N1c3 a6 7. Na3 b5 8. Nd5 Nge7 9. c4 Nd4 10. cxb5 Nxd5 11. exd5 Be7 12. Bd3 0-0 13. 0-0 f5 14. bxa6 f4 15. Nc2 f3 16. Nxd4 fxg2 17. Kxg2 exd4 18. Qh5 h6 19. Bxh6 Bf6 20. Bxg7 Bxg7 21. Bh7+ Kh8 22. Bg6+ 1-0

[Event "Veliko Gradiste Silver Lake op-A"]
[Site "Veliko Gradiste"]
[Date "2023.06.19"]
[Round "3"]
[White "Oikonomopoulos, Filippos"]
[Black "Yilmaz, Baver"]
[Result "1/2-1/2"]
[WhiteElo "1733"]
[BlackElo "1904"]
[PlyCount "36"]
[EventDate "2023.06.18"]
[EventType "swiss"]
[EventRounds "9"]
[EventCountry "SRB"]
[SourceTitle "CBM 215 Extra"]
[Source "ChessBase"]
[SourceDate "2023.09.30"]
[SourceVersion "1"]
[SourceVersionDate "2023.09.30"]
[SourceQuality "1"]

1. e4 c5 2. Nf3 e6 3. d3 Nc6 4. g3 d5 5. Nbd2 Nf6 6. Bg2 Be7 7. 0-0 0-0 8. Re1 b5 9. e5 Nd7 10. c3 a5 11. Nf1 a4 12. h4 b4 13. Bf4 a3 14. c4 axb2 15. Rb1 dxc4 16. dxc4 Nb6 17. Qc2 Bb7 18. Rxb2 Qc7 1/2-1/2

[Event "World School-ch U11"]
[Site "Rhodes"]
[Date "2023.04.20"]
[Round "7"]
[White "Oikonomopoulos, Filippos"]
[Black "Yilmaz, Baver"]
[Result "1/2-1/2"]
[WhiteElo "1732"]
[BlackElo "1779"]
[PlyCount "98"]
[EventDate "2023.04.14"]
[EventType "swiss"]
[EventRounds "9"]
[EventCountry "GRE"]
[SourceTitle "EXT 2024"]
[Source "ChessBase"]
[SourceDate "2023.10.10"]
[SourceVersion "1"]
[SourceVersionDate "2023.10.10"]
[SourceQuality "1"]

1. e4 c5 2. Nf3 e6 3. d4 cxd4 4. Nxd4 Nf6 5. Nc3 Nc6 6. Qd3 d5 7. exd5 Nb4 8. Qg3 Bc5 9. a3 Nbxd5 10. Nxd5 Qxd5 11. Nb5 0-0 12. Nc3 Qd6 13. Bd3 Qxg3 14. hxg3 h6 15. f3 Nd5 16. Bd2 Nxc3 17. Bxc3 Bd7 18. g4 f6 19. 0-0-0 Rad8 20. Bc4 Kf7 21. Rd3 Bc8 22. Rhd1 Ke7 23. Ba5 b6 24. Bb4 Bxb4 25. axb4 Rxd3 26. Rxd3 Rd8 27. Rc3 e5 28. Bb5 Bd7 29. Rc7 Kd6 30. Rxd7+ Rxd7 31. Bxd7 Kxd7 32. Kd2 Kd6 33. c4 g6 34. Ke3 f5 35. gxf5 gxf5 36. g4 e4 37. gxf5 exf3 38. Kxf3 Ke5 39. Kg4 h5+ 40. Kg5 h4 41. f6 Ke6 42. Kxh4 Kxf6 43. Kg4 Ke5 44. b3 a5 45. b5 Kd4 46. Kf4 a4 47. bxa4 Kxc4 48. a5 Kxb5 49. axb6 Kxb6 1/2-1/2

[Event "World School-ch U11"]
[Site "Rhodes"]
[Date "2023.04.19"]
[Round "6"]
[White "Yilmaz, Baver"]
[Black "Petroff, Vlad"]
[Result "1-0"]
[WhiteElo "1779"]
[BlackElo "1532"]
[PlyCount "135"]
[EventDate "2023.04.14"]
[EventType "swiss"]
[EventRounds "9"]
[EventCountry "GRE"]
[SourceTitle "EXT 2024"]
[Source "ChessBase"]
[SourceDate "2023.10.10"]
[SourceVersion "1"]
[SourceVersionDate "2023.10.10"]
[SourceQuality "1"]

1. e4 c6 2. d4 d5 3. Nc3 dxe4 4. Nxe4 Nf6 5. Nxf6+ exf6 6. c3 Bd6 7. Bd3 0-0 8. Ne2 c5 9. Be3 Qc7 10. Qc2 h6 11. Qd2 f5 12. dxc5 Bxc5 13. 0-0 Bd6 14. Bf4 Nc6 15. Bxd6 Qxd6 16. Rad1 Be6 17. Bb1 Qe5 18. Rfe1 Qa5 19. Nf4 Rad8 20. Qe2 Rxd1 21. Rxd1 Bxa2 22. b4 Qc7 23. Bxa2 Qxf4 24. g3 Qe4 25. Qxe4 fxe4 26. Rd7 Ne5 27. Re7 Nf3+ 28. Kg2 Ne1+ 29. Kh1 Nd3 30. Kg1 Rc8 31. Rxf7 Kh8 32. Bd5 Ne5 33. Re7 Nf3+ 34. Kg2 Ne1+ 35. Kf1 Nf3 36. Bxb7 Rxc3 37. Re8+ Kh7 38. Bxe4+ g6 39. Bxf3 Rxf3 40. Re7+ Kg8 41. Rxa7 Rb3 42. Rb7 Kh8 43. b5 Kg8 44. b6 Kh8 45. Ke2 Kg8 46. Kd2 Rb2+ 47. Ke3 Rb3+ 48. Kd4 Rb2 49. f4 g5 50. f5 Rb5 51. f6 Kf8 52. Rb8+ Kf7 53. b7 Rb1 54. Rh8 Rxb7 55. Rh7+ Kxf6 56. Rxb7 Kf5 57. h3 h5 58. Rb5+ Kg6 59. g4 hxg4 60. hxg4 Kh6 61. Ke5 Kg7 62. Rb6 Kf7 63. Kf5 Kg8 64. Rb7 Kf8 65. Ke6 Kg8 66. Kf6 Kh8 67. Kg6 Kg8 68. Rb8# 1-0

[Event "World School-ch U11"]
[Site "Rhodes"]
[Date "2023.04.18"]
[Round "5"]
[White "Yang, Maxwell"]
[Black "Yilmaz, Baver"]
[Result "0-1"]
[WhiteElo "1869"]
[BlackElo "1779"]
[PlyCount "112"]
[EventDate "2023.04.14"]
[EventType "swiss"]
[EventRounds "9"]
[EventCountry "GRE"]
[SourceTitle "EXT 2024"]
[Source "ChessBase"]
[SourceDate "2023.10.10"]
[SourceVersion "1"]
[SourceVersionDate "2023.10.10"]
[SourceQuality "1"]

1. d4 Nf6 2. c4 g6 3. Nc3 d5 4. Nf3 Bg7 5. Qb3 dxc4 6. Qxc4 0-0 7. e4 c6 8. Be2 b5 9. Qb3 a6 10. 0-0 Bb7 11. a4 e6 12. Rd1 Nbd7 13. Bf4 Qe7 14. Bg5 h6 15. Bh4 g5 16. Bg3 b4 17. e5 Nd5 18. Nxd5 cxd5 19. a5 Rfc8 20. Ne1 Bc6 21. Nd3 Bb5 22. Kf1 Bf8 23. Nc1 Bc4 24. Bxc4 Rxc4 25. Ne2 Rac8 26. Rdc1 Nb8 27. f3 Qb7 28. Rxc4 dxc4 29. Qc2 Qd5 30. Qe4 Nc6 31. Qxd5 exd5 32. f4 Rb8 33. fxg5 hxg5 34. e6 Re8 35. exf7+ Kxf7 36. Bc7 Bg7 37. Bb6 Re3 38. Rd1 Rb3 39. Rd2 Bh6 40. g4 Bg7 41. Kf2 Rh3 42. Bc7 Rd3 43. Ke1 Rxd2 44. Kxd2 Nxd4 45. Nxd4 Bxd4 46. b3 Ke6 47. bxc4 dxc4 48. Bd8 Bf6 49. Bb6 b3 50. Be3 Kd5 51. h3 Ke4 52. Bc5 Kf3 53. h4 gxh4 54. g5 Bxg5+ 55. Kc3 Bf6+ 56. Kxc4 b2 0-1

[Event "World School-ch U11"]
[Site "Rhodes"]
[Date "2023.04.15"]
[Round "2"]
[White "Yilmaz, Baver"]
[Black "Nanayakkara, Sanuk"]
[Result "1-0"]
[WhiteElo "1779"]
[BlackElo "1408"]
[PlyCount "107"]
[EventDate "2023.04.14"]
[EventType "swiss"]
[EventRounds "9"]
[EventCountry "GRE"]
[SourceTitle "EXT 2024"]
[Source "ChessBase"]
[SourceDate "2023.10.10"]
[SourceVersion "1"]
[SourceVersionDate "2023.10.10"]
[SourceQuality "1"]

1. e4 c5 2. Nf3 a6 3. d4 cxd4 4. Nxd4 Nf6 5. Bd3 e5 6. Nf3 Nc6 7. 0-0 Bc5 8. Nc3 0-0 9. Bg5 h6 10. Bh4 Be7 11. Qe2 d6 12. h3 Nh5 13. Bxe7 Nxe7 14. Nh2 Nf4 15. Qe3 Neg6 16. Rfd1 h5 17. Bf1 f5 18. g3 Qg5 19. Kh1 Ne6 20. Qxg5 Nxg5 21. Rxd6 Ne7 22. Bg2 fxe4 23. h4 Ne6 24. Nxe4 Nd4 25. c3 Nb5 26. Rd2 Rb8 27. Rad1 b6 28. Rd8 Be6 29. Rxb8 Rxb8 30. a4 Nc7 31. Nf3 Nc6 32. Rd6 Bd5 33. Nfg5 b5 34. axb5 axb5 35. Rd7 Rc8 36. Nd6 Bxg2+ 37. Kxg2 Rd8 38. Rxc7 Rxd6 39. Rc8+ Nd8 40. Rb8 Kf8 41. Rxb5 Nc6 42. Rb6 Ke7 43. Ne4 Rg6 44. b4 Re6 45. Rb7+ Kf8 46. b5 Nd8 47. Rb8 Ke7 48. c4 Rg6 49. c5 Kd7 50. Nc3 Ne6 51. c6+ Kd6 52. Ne4+ Kd5 53. Ng5 Nxg5 54. c7 1-0

[Event "EU-ch Cities&Town U18 op"]
[Site "Tornelo INT"]
[Date "2023.01.29"]
[Round "?"]
[White "Yilmaz, Baver"]
[Black "Gromosiak, Oleksii"]
[Result "1-0"]
[WhiteElo "1779"]
[BlackElo "1312"]
[PlyCount "81"]
[EventDate "2023.01.29"]
[EventType "team-swiss"]
[EventRounds "9"]
[EventCountry "NET"]
[SourceTitle "CBM 212 Extra"]
[Source "ChessBase"]
[SourceDate "2023.03.31"]
[SourceVersion "1"]
[SourceVersionDate "2023.03.31"]
[SourceQuality "1"]
[WhiteTeam "Ankara"]
[BlackTeam "Kiev Region"]
[WhiteTeamCountry "TUR"]
[BlackTeamCountry "UKR"]

1. e4 c5 2. Nf3 d6 3. d4 cxd4 4. Nxd4 Nf6 5. Nc3 g6 6. Be3 Bg7 7. Be2 0-0 8. 0-0 Nc6 9. Qd2 Bd7 10. Rad1 a6 11. f4 Rc8 12. Bf3 Bg4 13. Nxc6 Rxc6 14. e5 Bxf3 15. exf6 Bxd1 16. fxg7 Kxg7 17. Rxd1 Qc7 18. Nd5 Qd7 19. Qd4+ f6 20. c4 Rfc8 21. Nb6 Rxb6 22. Qxb6 Rxc4 23. Qb3 b5 24. Qd3 Qe6 25. h3 Re4 26. Bf2 Rxf4 27. Re1 Qd7 28. Qe3 e5 29. Qa7 Qxa7 30. Bxa7 Rb4 31. b3 a5 32. Rd1 a4 33. Rxd6 axb3 34. axb3 Rxb3 35. Rd7+ Kh6 36. Kh2 g5 37. Bc5 e4 38. g4 Rf3 39. Bf8+ Kg6 40. Rg7+ Kh6 41. Rg8# 1-0

[Event "EU-ch U10 30th"]
[Site "Antalya"]
[Date "2022.11.11"]
[Round "6"]
[White "Yilmaz, Baver"]
[Black "Celebi, Mehmet Alper"]
[Result "1-0"]
[WhiteElo "1722"]
[BlackElo "1501"]
[PlyCount "57"]
[EventDate "2022.11.06"]
[EventType "swiss"]
[EventRounds "9"]
[EventCountry "TUR"]
[SourceTitle "CBM 211 Extra"]
[Source "ChessBase"]
[SourceDate "2023.01.31"]
[SourceVersion "1"]
[SourceVersionDate "2023.01.31"]
[SourceQuality "1"]

1. e4 c5 2. Nf3 e6 3. d4 cxd4 4. Nxd4 Nc6 5. Nc3 Qc7 6. f4 a6 7. Nxc6 bxc6 8. Bd3 d5 9. Qf3 Nf6 10. 0-0 Be7 11. Bd2 0-0 12. Kh1 Rb8 13. Rab1 d4 14. Ne2 c5 15. b3 Bb7 16. Ng3 Nd7 17. Qe2 Rfe8 18. Rbe1 Nf8 19. Qg4 Ng6 20. Nh5 Bd6 21. f5 exf5 22. exf5 Rxe1 23. Rxe1 Bc8 24. Re8+ Bf8 25. Bf4 Qb7 26. Bxb8 Qxb8 27. fxg6 Bxg4 28. gxh7+ Kh8 29. Rxb8 1-0

[Event "Ankara Ipek Memorial 8th"]
[Site "Ankara"]
[Date "2020.03.08"]
[Round "6"]
[White "Aral, Demir"]
[Black "Yilmaz, Baver"]
[Result "1-0"]
[WhiteElo "1554"]
[BlackElo "1446"]
[PlyCount "63"]
[EventDate "2020.03.04"]
[EventType "swiss"]
[EventRounds "7"]
[EventCountry "TUR"]
[SourceTitle "CBM 195 Extra"]
[Source "ChessBase"]
[SourceDate "2020.05.31"]
[SourceVersion "1"]
[SourceVersionDate "2020.05.31"]
[SourceQuality "1"]

1. e4 e5 2. Nf3 Nc6 3. Bb5 a6 4. Bxc6 dxc6 5. 0-0 Bg4 6. h3 Bxf3 7. Qxf3 Nf6 8. d3 Qd7 9. Bg5 Be7 10. Nc3 h6 11. Bxf6 Bxf6 12. Ne2 Be7 13. Ng3 g6 14. Rad1 Bg5 15. Ne2 h5 16. d4 0-0-0 17. dxe5 Qxd1 18. Rxd1 Rxd1+ 19. Kh2 Rd2 20. Nc3 Rf8 21. h4 Be7 22. Ne2 f6 23. e6 Bd6+ 24. g3 Be5 25. Qe3 Rd6 26. f4 Bxb2 27. Qa7 Kd8 28. Qb8+ Ke7 29. Qxc7+ Kxe6 30. f5+ gxf5 31. Nf4+ Ke5 32. Qe7+ 1-0

[Event "Ankara Ipek Memorial 8th"]
[Site "Ankara"]
[Date "2020.03.07"]
[Round "3"]
[White "Yilmaz, Baver"]
[Black "Ergani, Efe"]
[Result "0-1"]
[WhiteElo "1446"]
[BlackElo "1668"]
[PlyCount "82"]
[EventDate "2020.03.04"]
[EventType "swiss"]
[EventRounds "7"]
[EventCountry "TUR"]
[SourceTitle "CBM 195 Extra"]
[Source "ChessBase"]
[SourceDate "2020.05.31"]
[SourceVersion "1"]
[SourceVersionDate "2020.05.31"]
[SourceQuality "1"]

1. e4 g6 2. d4 Bg7 3. Nf3 d6 4. Nc3 a6 5. Be3 Nd7 6. Bc4 e6 7. Bg5 Ne7 8. Qd2 h6 9. Be3 b5 10. Bb3 Rb8 11. Ne2 Nf6 12. Ng3 Ng4 13. h3 Nxe3 14. fxe3 c5 15. c3 Qc7 16. Ne2 Bd7 17. 0-0 0-0 18. Nf4 a5 19. a3 b4 20. axb4 axb4 21. c4 Ra8 22. Nh2 cxd4 23. exd4 Qb6 24. Ne2 Nc6 25. Rad1 Na5 26. Bc2 Nxc4 27. Qc1 e5 28. Nf3 Rac8 29. Kh1 Bb5 30. Rfe1 Rc7 31. Qb1 Ne3 32. Rd2 Nxc2 33. Rxc2 Bd3 34. Rec1 Bxc2 35. Rxc2 Rfc8 36. Rxc7 Qxc7 37. d5 Qc2 38. Qxc2 Rxc2 39. Ng3 Rxb2 40. Kg1 b3 41. Kf1 Rc2 0-1